<?xml version="1.0" encoding="UTF-8"?>
<collection xmlns="http://www.loc.gov/MARC21/slim">
 <record>
  <leader>02683caa a2200457   4500</leader>
  <controlfield tag="001">1684954231</controlfield>
  <controlfield tag="003">DE-627</controlfield>
  <controlfield tag="005">20210819101357.0</controlfield>
  <controlfield tag="007">cr cn 008aaaaa</controlfield>
  <controlfield tag="008">191210s1988    xx |||||oo    00| ||fre c</controlfield>
  <datafield tag="024" ind1="7" ind2=" ">
   <subfield code="a">urn:nbn:de:bsz:16-fr-531530</subfield>
   <subfield code="2">urn</subfield>
  </datafield>
  <datafield tag="024" ind1="7" ind2=" ">
   <subfield code="a">10.11588/fr.1987.0.53153</subfield>
   <subfield code="2">doi</subfield>
  </datafield>
  <datafield tag="035" ind1=" " ind2=" ">
   <subfield code="a">(DE-627)1684954231</subfield>
  </datafield>
  <datafield tag="035" ind1=" " ind2=" ">
   <subfield code="a">(DE-599)KXP1684954231</subfield>
  </datafield>
  <datafield tag="035" ind1=" " ind2=" ">
   <subfield code="a">(OCoLC)1264255186</subfield>
  </datafield>
  <datafield tag="040" ind1=" " ind2=" ">
   <subfield code="a">DE-627</subfield>
   <subfield code="b">ger</subfield>
   <subfield code="c">DE-627</subfield>
   <subfield code="e">rda</subfield>
  </datafield>
  <datafield tag="041" ind1=" " ind2=" ">
   <subfield code="a">fre</subfield>
  </datafield>
  <datafield tag="100" ind1="1" ind2=" ">
   <subfield code="a">Durliat, Jean</subfield>
   <subfield code="d">1943-</subfield>
   <subfield code="e">VerfasserIn</subfield>
   <subfield code="0">(DE-588)170901580</subfield>
   <subfield code="0">(DE-627)061047902</subfield>
   <subfield code="0">(DE-576)131742914</subfield>
   <subfield code="4">aut</subfield>
  </datafield>
  <datafield tag="245" ind1="1" ind2="0">
   <subfield code="a">[Rezension von: Giuseppe Rabotti (Hrsg.), Breviarium ecclesiae Ravennatis (Codice bavaro) secoli VII-X - Augusto Vasina (Hrsg.), Ricerche e studi sul &quot;Breviarium ecclesiae Ravennatis&quot; (Codice bavaro)]</subfield>
   <subfield code="c">Jean Durliat</subfield>
  </datafield>
  <datafield tag="264" ind1=" " ind2="1">
   <subfield code="a">Sigmaringen</subfield>
   <subfield code="b">Jan Thorbecke Verlag</subfield>
   <subfield code="c">1988</subfield>
  </datafield>
  <datafield tag="336" ind1=" " ind2=" ">
   <subfield code="a">Text</subfield>
   <subfield code="b">txt</subfield>
   <subfield code="2">rdacontent</subfield>
  </datafield>
  <datafield tag="337" ind1=" " ind2=" ">
   <subfield code="a">Computermedien</subfield>
   <subfield code="b">c</subfield>
   <subfield code="2">rdamedia</subfield>
  </datafield>
  <datafield tag="338" ind1=" " ind2=" ">
   <subfield code="a">Online-Ressource</subfield>
   <subfield code="b">cr</subfield>
   <subfield code="2">rdacarrier</subfield>
  </datafield>
  <datafield tag="500" ind1=" " ind2=" ">
   <subfield code="a">Elektronische Reproduktion der Druckausgabe</subfield>
  </datafield>
  <datafield tag="533" ind1=" " ind2=" ">
   <subfield code="a">Online-Ausgabe</subfield>
   <subfield code="b">Heidelberg</subfield>
   <subfield code="c">Universitätsbibliothek Heidelberg</subfield>
   <subfield code="d">2019</subfield>
   <subfield code="7">|2019||||||||||</subfield>
  </datafield>
  <datafield tag="583" ind1="1" ind2=" ">
   <subfield code="a">Archivierung/Langzeitarchivierung gewährleistet</subfield>
   <subfield code="2">pdager</subfield>
   <subfield code="5">DE-16</subfield>
  </datafield>
  <datafield tag="655" ind1=" " ind2="7">
   <subfield code="a">Rezension</subfield>
   <subfield code="0">(DE-588)4049712-4</subfield>
   <subfield code="0">(DE-627)106186019</subfield>
   <subfield code="0">(DE-576)209083166</subfield>
   <subfield code="2">gnd-content</subfield>
  </datafield>
  <datafield tag="773" ind1="0" ind2="8">
   <subfield code="i">Enthalten in</subfield>
   <subfield code="t">Francia</subfield>
   <subfield code="d">Sigmaringen : Thorbecke, 1973</subfield>
   <subfield code="g">15(1987), Seite 923-926</subfield>
   <subfield code="h">Online-Ressource</subfield>
   <subfield code="w">(DE-627)585103992</subfield>
   <subfield code="w">(DE-600)2465558-2</subfield>
   <subfield code="w">(DE-576)288138600</subfield>
   <subfield code="x">2510-7348</subfield>
   <subfield code="7">nnns</subfield>
  </datafield>
  <datafield tag="773" ind1="1" ind2="8">
   <subfield code="g">volume:15</subfield>
   <subfield code="g">year:1987</subfield>
   <subfield code="g">pages:923-926</subfield>
  </datafield>
  <datafield tag="787" ind1="0" ind2="8">
   <subfield code="i">Rezension von</subfield>
   <subfield code="t">Breviarium ecclesiae Ravennatis</subfield>
   <subfield code="d">Roma : Istituto Storico Italiano per il Medio Evo, 1985</subfield>
   <subfield code="h">XCII, 293 S.</subfield>
   <subfield code="w">(DE-627)1084078503</subfield>
   <subfield code="w">(DE-576)014078503</subfield>
  </datafield>
  <datafield tag="787" ind1="0" ind2="8">
   <subfield code="i">Rezension von</subfield>
   <subfield code="t">Ricerche e studi sul &quot;Breviarium ecclesiae Ravennatis&quot; (Codice Bavaro)</subfield>
   <subfield code="d">Roma : Istituto Storico Italiano per il Medio Evo, 1985</subfield>
   <subfield code="h">191 S.</subfield>
   <subfield code="w">(DE-627)1083471686</subfield>
   <subfield code="w">(DE-576)013471686</subfield>
  </datafield>
  <datafield tag="856" ind1="4" ind2="0">
   <subfield code="u">https://doi.org/10.11588/fr.1987.0.53153</subfield>
   <subfield code="x">Verlag</subfield>
   <subfield code="x">Resolving-System</subfield>
   <subfield code="z">kostenfrei</subfield>
   <subfield code="3">Volltext</subfield>
  </datafield>
  <datafield tag="856" ind1="4" ind2="0">
   <subfield code="u">https://journals.ub.uni-heidelberg.de/index.php/fr/article/view/53153</subfield>
   <subfield code="x">Verlag</subfield>
   <subfield code="z">kostenfrei</subfield>
   <subfield code="3">Volltext</subfield>
  </datafield>
  <datafield tag="856" ind1="4" ind2="0">
   <subfield code="u">http://nbn-resolving.de/urn:nbn:de:bsz:16-fr-531530</subfield>
   <subfield code="x">Verlag</subfield>
   <subfield code="x">Resolving-System</subfield>
   <subfield code="z">kostenfrei</subfield>
   <subfield code="3">Volltext</subfield>
  </datafield>
  <datafield tag="936" ind1="u" ind2="w">
   <subfield code="d">15</subfield>
   <subfield code="j">1987</subfield>
   <subfield code="h">923-926</subfield>
  </datafield>
  <datafield tag="951" ind1=" " ind2=" ">
   <subfield code="a">AR</subfield>
  </datafield>
  <datafield tag="994" ind1=" " ind2=" ">
   <subfield code="u">https://journals.ub.uni-heidelberg.de/index.php/fr/article/view/53153</subfield>
  </datafield>
  <datafield tag="994" ind1=" " ind2=" ">
   <subfield code="u">https://journals.ub.uni-heidelberg.de/index.php/fr/article/view/53153</subfield>
  </datafield>
  <datafield tag="994" ind1=" " ind2=" ">
   <subfield code="u">https://journals.ub.uni-heidelberg.de/index.php/fr/article/view/53153</subfield>
  </datafield>
  <datafield tag="991" ind1=" " ind2=" ">
   <subfield code="a">Rezension (Monographie, Zeitschrift, Aufsatz)</subfield>
  </datafield>
  <datafield tag="999" ind1=" " ind2=" ">
   <subfield code="a">KXP-PPN1684954231</subfield>
   <subfield code="e">448751715X</subfield>
  </datafield>
 </record>
</collection>
